[Event "ROM-ch U12 Boys"]
[Site "Voineasa"]
[Date "2008.04.16"]
[Round "7"]
[White "Negut, Daniel Andrei"]
[Black "Rancz, Balint"]
[Result "1/2-1/2"]
[WhiteElo "401"]
[BlackElo "401"]
[PlyCount "73"]
[EventDate "2008.04.08"]
[EventType "swiss"]
[EventRounds "9"]
[EventCountry "ROU"]
[SourceTitle "EXT 2013"]
[Source "ChessBase"]
[SourceDate "2012.11.22"]
[SourceVersion "1"]
[SourceVersionDate "2012.11.22"]
[SourceQuality "1"]

1. e4 e5 2. Nf3 Nc6 3. Bc4 Bc5 4. d3 Nf6 5. Ng5 0-0 6. 0-0 Nb4 7. Nc3 h6 8. Nf3 d5 9. exd5 Nfxd5 10. Nxe5 Qf6 11. Qh5 Bd4 12. Ne4 Qxe5 13. Qxe5 Bxe5 14. c3 Nc2 15. Rb1 Bf5 16. Bxd5 Rad8 17. Bc4 a6 18. Rd1 b5 19. Bb3 Na3 20. bxa3 Rd7 21. Bb2 Rfd8 22. a4 b4 23. cxb4 Bxb2 24. Rxb2 Bxe4 25. Rbd2 Rd6 26. Bc4 Bf5 27. b5 axb5 28. Bxb5 c6 29. Bc4 Rd4 30. a5 Bg4 31. f3 Be6 32. Bxe6 fxe6 33. a6 Ra4 34. Re1 Re8 35. d4 Rxa6 36. Rde2 Ra5 37. Rc2 1/2-1/2

[Event "ROM-ch U12 Boys"]
[Site "Voineasa"]
[Date "2008.04.15"]
[Round "6"]
[White "Rancz, Balint"]
[Black "Cucu, George"]
[Result "1-0"]
[WhiteElo "401"]
[BlackElo "401"]
[PlyCount "49"]
[EventDate "2008.04.08"]
[EventType "swiss"]
[EventRounds "9"]
[EventCountry "ROU"]
[SourceTitle "EXT 2013"]
[Source "ChessBase"]
[SourceDate "2012.11.22"]
[SourceVersion "1"]
[SourceVersionDate "2012.11.22"]
[SourceQuality "1"]

1. e4 e5 2. Nf3 Nc6 3. Bc4 d6 4. h3 Nf6 5. Ng5 d5 6. exd5 Nxd5 7. Nxf7 Kxf7 8. Qf3+ Bf5 9. Qxf5+ Ke8 10. 0-0 Nd4 11. Qxe5+ Qe7 12. Qxd4 Nb4 13. Qc3 a6 14. d3 b5 15. Re1 bxc4 16. Rxe7+ Bxe7 17. Qxg7 Rf8 18. Bg5 Rf7 19. Qh8+ Rf8 20. Qxh7 Rf7 21. Qg6 Nxc2 22. Na3 Nxa1 23. Nxc4 Rb8 24. Ne5 Bd6 25. Qxf7# 1-0

[Event "ROM-ch U12 Boys"]
[Site "Voineasa"]
[Date "2008.04.12"]
[Round "2"]
[White "Rancz, Balint"]
[Black "Pricop, Alexandru Liviu"]
[Result "0-1"]
[WhiteElo "401"]
[BlackElo "410"]
[PlyCount "40"]
[EventDate "2008.04.08"]
[EventType "swiss"]
[EventRounds "9"]
[EventCountry "ROU"]
[SourceTitle "EXT 2013"]
[Source "ChessBase"]
[SourceDate "2012.11.22"]
[SourceVersion "1"]
[SourceVersionDate "2012.11.22"]
[SourceQuality "1"]

1. e4 g6 2. Nf3 Bg7 3. Bc4 Nf6 4. Ng5 e6 5. Qf3 0-0 6. Qh3 d5 7. e5 Nh5 8. Be2 Qxg5 9. 0-0 Qf5 10. Bg4 Qxe5 11. c3 Nf6 12. d4 Qd6 13. Na3 Nxg4 14. Qxg4 e5 15. dxe5 Bxe5 16. g3 Bxg4 17. Bh6 Re8 18. Nb5 Qa6 19. a4 c6 20. Rfe1 cxb5 0-1